00403nam a2200157Ia 4500008004100000020001400041082001600055100002000071245002500091250000700116260003500123300002600158500001900184600002700203650001500230240925s9999 xx 000 0 und d a340544619 a621.381 MOR aMorris, John C. 0aAnalogue Electronics aNA aLondon:bEdward Arnoldc,1991. ax,308p.bNAfOriginal aIncludes Index aEngineering Technology aTechnology